2000 1958 1866 1405 1145 1728 1629 1724 1690 1090 1367 1954 1553 1614 1815 1161 1165 1426 1518 1463 1526 1765 1701 1142 1407 1398 1057 1805 1048 1886 1265 1678 1167 1461 1936 1348 1114 1617 1602 1205 1994 1784 1956 1661 1008 1868 1594 1704 1651 1446 1089 1048 1908 1019 1426 1519 1828 1470 1893 1787 1677 1173 1200 1031 1041 1437 1271 1334 1151 1688 1578 1997 1510 1188 1596 1302 1629 1542 1352 1680 1050 1524 1602 1499 1212 1330 1393 1195 1792 1305 1359 1660 1083 1818 1776 1830 1613 1147 1212 BCNSPRNW ULIB Ver.6.0+V

เปลี่ยนเป็นภาษาไทย

Change to English
 แสดงรายละเอียดบรรณานุกรม
  กลับหน้าหลัก

Brief Record : Get Marc (ISO 2709) : E-mail record : QR code < ปิดหน้าต่าง
LEADER : 00000nam 2200000uu 4500
001    13399122192
003     ULIB
008    130109s2555||||th 000 0 tha d
060  4 ^aWK810^bส839ก
110    ^a สมาคมผู้ให้ความรู้โรคเบาหวาน
245 00 ^aการออกกำลังกายในผุ้เป็นเบาหวาน/^cสมาคมผู้ให้ความรู้โรคเบาหวาน
250    ^a พิมพ์ครั้งที่ 3
260    ^aกรุงเทพฯ:^bสมาคมผู้ให้ความรู้โรคเบาหวาน,2555
300    ^a38 หน้า:^bภาพประกอบ
650  7 ^aโรคเบาหวาน
710 1  ^aสมาคมผู้ให้ความรู้โรคเบาหวาน
945    ^p30^l0^i033396
995    ^aเกษร
999    ^aใช้งานได้ทุกระบบ
รายการนี้ยังไม่มีแท็ก
คุณยังไม่ได้ล็อกอิน คุณสามารถมีกิจกรรมร่วมกับเว็บไซต์ได้ แต่ต้องล็อกอินก่อน ::
  ล็อกอิน

รายการสื่อสารสนเทศ

ลำดับที่ ประเภท เลขเรียก/บาร์โค้ด สถานที่ สถานะ
1. วิทยาศาสตร์การแพทย์ และสุขภาพ
หนังสือสำรอง
สถานะ=หนังสือสำรอง
WK810 ส839ก ฉ.1 
  Barcode: 033396
ห้องสมุดวิทยาเขตสวรรค์ประชารักษ์
►ส่วนจัดเก็บหนังสือเก่า สปร
บนชั้น
  ขอยืม

รายการใกล้เคียง
    หัวเรื่อง [โรคเบาหวาน]

BibComment


ยังไม่เคยถูกคอมเมนท์

คอมเมนท์ทรัพยากรรายการนี้
  คอมเมนท์: การออกกำลังกายใน..


 Copyright 2026. Bcnsprnw @Library